| 000 | 00498 a2200169 4500 | ||
|---|---|---|---|
| 999 |
_c8420 _d8420 |
||
| 010 | _aENG-88464 | ||
| 020 |
_a0070222894 _c425.00 |
||
| 035 | _aEN-71997 | ||
| 037 | _bDBAD / PUB | ||
| 082 | 0 | 0 | _a005.7565 |
| 100 | 1 | _aFreeman, Robert G. | |
| 245 | 1 | 0 |
_aOracle database 11g new eatures/ _cby Robert G. Freeman |
| 260 |
_aNew Delhi _bTata McGraw-Hill Publishing _c2008 |
||
| 300 |
_axviii, 362 p. _c24cm (pbk ) |
||
| 500 | _aIncludes index | ||
| 942 |
_adpl _cEN _2ddc _h005.7565 _mFRE |
||